01146nam a2200193Ia 4500001001100000003001000011008004100021040002500062041001300087100001900100245007400119250001100193260006600204300001200270500026000282501011400542520026000656650003600916L707-29288IT-CnALBA170116s9999||||xx |||||||||||||| ||und|| aIT-CnALBAcIT-CnALBA aITALIANO aPITTALUGA MARY 0aCENNI DI STORIA DELL'ARTE VOL. II: DAL CINQUECENTO AI NOSTRI GIORNI.  a9a ed. aFIRENZEbLE MONNIER FELICE E SUCCESSORIc1967 [1° Ed.: n.d.] a208 p.  aTESTO PER GLI ISTITUTI MAGISTRALI. MICHELANGELO. I MANIERISTI A FIRENZE. TINTORETTO. PAOLO VERONESE. I CARRACCI A BOLOGNA. FILIPPO JUVARRA. ARCHITETTURA, SCULTURA, PITTURA NEOCLASSICA. ROMANTICISMO. I MACCHIAIOLI. ILLUSTRAZIONI IN BIANCO E NERO, NEL TESTO aSocietà San Paolo EM - Piazza San Paolo, 14 - 12051 ALBA (CN) (non commercial uses only) ® Copyright 2017 aTESTO PER GLI ISTITUTI MAGISTRALI. MICHELANGELO. I MANIERISTI A FIRENZE. TINTORETTO. PAOLO VERONESE. I CARRACCI A BOLOGNA. FILIPPO JUVARRA. ARCHITETTURA, SCULTURA, PITTURA NEOCLASSICA. ROMANTICISMO. I MACCHIAIOLI. ILLUSTRAZIONI IN BIANCO E NERO, NEL TESTO aSTUDIO E INSEGNAMENTO DELL'ARTE